| Tag |
First Indicator |
Second Indicator |
Subfields |
| LEADER |
00000cam a22000008a 4500 |
| 001 |
in00001069758 |
| 005 |
20150929101559.0 |
| 008 |
911209s1992 oru b 001 0 eng |
| 010 |
|
|
|a 91044315
|
| 020 |
|
|
|a 093866137X
|
| 035 |
|
|
|a (OCoLC)25051341
|
| 035 |
|
|
|9 AFP2062AM
|
| 040 |
|
|
|a DLC
|c DLC
|d TXA
|d UtOrBLW
|
| 043 |
|
|
|a n-us---
|
| 049 |
|
|
|a TXAM
|
| 050 |
0 |
0 |
|a LB1028.5
|b .K37 1992
|
| 082 |
0 |
0 |
|a 371.3/34
|2 20
|
| 100 |
1 |
|
|a Kearsley, Greg,
|d 1951-
|
| 245 |
1 |
0 |
|a We teach with technology :
|b new visions for education /
|c Greg Kearsley, Beverly Hunter, Mary Furlong.
|
| 264 |
|
1 |
|a Wilsonville, Or. :
|b Franklin, Beedle, & Associates,
|c [1992]
|
| 264 |
|
4 |
|c ©1992
|
| 300 |
|
|
|a 168 pages :
|b illustrations
|
| 336 |
|
|
|a text
|b txt
|2 rdacontent
|
| 337 |
|
|
|a unmediated
|b n
|2 rdamedia
|
| 338 |
|
|
|a volume
|b nc
|2 rdacarrier
|
| 504 |
|
|
|a Includes bibliographical references and index.
|
| 650 |
|
0 |
|a Computer-assisted instruction
|z United States.
|
| 700 |
1 |
|
|a Hunter, Beverly.
|
| 700 |
1 |
|
|a Furlong, Mary S.
|
| 999 |
|
|
|a MARS
|
| 999 |
f |
f |
|s 5c2b9c8e-7e0b-389e-bb3c-d3114f7e584f
|i 02c75ebf-b98a-319d-a363-9bee3396200c
|t 0
|
| 952 |
f |
f |
|p normal
|a Texas A&M University
|b College Station
|c Sterling C. Evans Library
|d Evans: Library Stacks
|t 0
|e LB1028.5 .K37 1992
|h Library of Congress classification
|i unmediated -- volume
|m A14815698881
|
| 998 |
f |
f |
|a LB1028.5 .K37 1992
|t 0
|l Evans: Library Stacks
|